ARRUPE JESUIT UNIVERSITY

CORONAVIRUS -STOP THE SPREAD - CLEAN,DISINFECT,COVER

The history of the sixteen Karmapas of Tibet / (Record no. 123891)

MARC details
000 -LEADER
fixed length control field 01043cam a2200289 i 4500
001 - CONTROL NUMBER
control field 1825414
003 - CONTROL NUMBER IDENTIFIER
control field ARRUPE
005 - DATE AND TIME OF LATEST TRANSACTION
control field 20151216105648.0
008 - FIXED-LENGTH DATA ELEMENTS--GENERAL INFORMATION
fixed length control field 800110s1980 coua b 000 0ceng
010 ## - LIBRARY OF CONGRESS CONTROL NUMBER
LC control number 80000179
020 ## - INTERNATIONAL STANDARD BOOK NUMBER
International Standard Book Number 0877737169 :
Terms of availability $5.95 (est.)
040 ## - CATALOGING SOURCE
Original cataloging agency DLC
Transcribing agency DLC
Modifying agency DLC
043 ## - GEOGRAPHIC AREA CODE
Geographic area code a-cc-ti
050 00 - LIBRARY OF CONGRESS CALL NUMBER
Classification number BQ7682.9.A2
Item number K285
082 00 - DEWEY DECIMAL CLASSIFICATION NUMBER
Classification number 294.3/61/0922
300 ## - PHYSICAL DESCRIPTION
Other physical details ill. ;
Dimensions 23 cm.
100 0# - MAIN ENTRY--PERSONAL NAME
Personal name Karma Thinley,
Titles and other words associated with a name Lama Wangchhim.
9 (RLIN) 21353
245 14 - TITLE STATEMENT
Title The history of the sixteen Karmapas of Tibet /
Statement of responsibility, etc Karma Thinley ; edited, with an essay by David Stott ; illustrated by Namkha Tashi ; foreword by Chögyam Trungpa ; introd. by Reginald A. Ray.
260 ## - PUBLICATION, DISTRIBUTION, ETC. (IMPRINT)
Place of publication, distribution, etc Boulder :
Name of publisher, distributor, etc Prajñā Press,
Date of publication, distribution, etc 1980.
300 ## - PHYSICAL DESCRIPTION
Extent ix, 150 p. :
504 ## - BIBLIOGRAPHY, ETC. NOTE
Bibliography, etc Bibliography: p. 150.
590 ## - LOCAL NOTE (RLIN)
Local note In English.
650 #0 - SUBJECT ADDED ENTRY--TOPICAL TERM
Topical term or geographic name as entry element Kar-ma-pa lamas
Geographic subdivision Tibet Autonomous Region
General subdivision Biography.
9 (RLIN) 21354
650 #0 - SUBJECT ADDED ENTRY--TOPICAL TERM
Topical term or geographic name as entry element Kar-ma-pa (Sect)
General subdivision History.
9 (RLIN) 21355
700 1# - ADDED ENTRY--PERSONAL NAME
Personal name Stott, David.
9 (RLIN) 21356
906 ## - LOCAL DATA ELEMENT F, LDF (RLIN)
a 7
b cbc
c orignew
d 1
e ocip
f 19
g y-gencatlg
942 ## - ADDED ENTRY ELEMENTS (KOHA)
Source of classification or shelving scheme Library of Congress Classification
Koha item type Monograph ( Printed materials)
Holdings
Withdrawn status Lost status Source of classification or shelving scheme Damaged status Not for loan Collection code Home library Current library Shelving location Date acquired Total Checkouts Full call number Barcode Date last seen Price effective from Koha item type
    Library of Congress Classification     Main Collection ARRUPE LIBRARY ARRUPE LIBRARY Main Collection 16/12/2015   BQ7682.9.A2K285 46500005732 15/11/2016 16/12/2015 Monograph ( Printed materials)

 

Arrupe Library. PO Box MP320 Mt Pleasant, Harare, Zimbabwe
263 242 745411|librarian@aju.ac.zw